000 00671nam a2200205Ia 4500
003 GCL
008 140319s9999 xx 000 0 ara d
040 _aGCL /
_cGCL
082 0 4 _aش ف
_b791.43
_bك ح
100 1 _aكمال الشيخ (اخراج)
245 1 0 _aحياة او موت (شرائط فيديو) /
_cكمال الشيخ (اخراج)
260 _aالقاهرة :
_bاسيا
300 _a1 شريط:
_bس ، ب ؛
_c1\2 بوصة
490 _a
650 0 4 _aالافلام السينمائية
650 0 4 _aالافلام العربية
650 0 4 _aالافلام الاجتماعية
650 0 4 _aالفيديو، أشرطة
942 _2ddc
_cVM
999 _c28834
_d28834